000 01122nam a2200289 i 4500
001 bg
245 0 0 _aNauki finansowe wobec współczesnych problemów gospodarki polskiej :
_bmateriały konferencji naukowej zorg. przez Katedrę Bankowości [et al.] Akademii Ekonomicznej w Krakowie (Zakopane, 13-15.IX.004 r.).
_nT. 2,
_pFinanse przedsiębiorstw /
_cpod red. Zbigniewa Dreslera.
260 _aKraków :
_bWydaw. AE,
_c2004.
300 _a344 s. :
_bwykr. ;
_c24 cm.
504 _aBibliogr. przy ref.
650 9 _aFinanse
650 9 _aPrzedsiębiorstwo
_xfinanse
651 9 _aPolska
_xgospodarka
_yod 1989 r.
655 _aMateriały konferencyjne
700 1 _aDRESLER, Zbigniew.
_eRed.
710 0 _aAkademia Ekonomiczna (Kraków)
020 _a8372522251 (całość)
020 _a8372522278 (t.2)
040 _cBPK
041 0 _apol
080 _a336:658.14/.17](438)"1989/..."(061)
920 _a83-7252-225-1 (całość)
920 _a83-7252-227-8 (t.2)
942 _cKS
008 s pl f |000 0 pol
999 _c45599
_d45599
856 _uhttp://koha.tu.koszalin.pl/cgi-bin/koha/opac-detail.pl?biblionumber=45599
_yKatalog online BPK